000 00324nam a2200121Ia 4500
008 190216s9999||||xx |||||||||||||| ||und||
100 _aMathur S B And Agarwal R S
245 0 _aFunctional Analysis For Postgraduate Students
260 _bPragathi Prakashan
_c1972
300 _a294p
650 _aMathematics
942 _cBK
999 _c30744
_d30744